[Event "Challenge"]
[Site "http://www.queenalice.com/game.php?id=1076447"]
[Date "2012.6.26"]
[Round "-"]
[White "passant"]
[Black "los6enanitos"]
[Result "1-0"]
[WhiteElo "1930"]
[BlackElo "1641"]

1. d4 d5 2. c4 Nf6 3. e3 Bf5 4. Bd3 Bxd3 5. Qxd3 e6 6. Nc3 a6 7. Nf3 h6 8. O-O
Bd6 9. c5 Be7 10. b3 c6 11. Na4 Nbd7 12. Bd2 Qb8 13. Ba5 Bd8 14. Qd2 b6 15. Nxb6
Bxb6 16. Bxb6 Nxb6 17. cxb6 Qxb6 18. Rac1 Rb8 19. Ne5 Rc8 20. f3 O-O 21. Rc5 Rc7
22. Rfc1 Rfc8 23. R1c2 Nd7 24. Nxd7 Rxd7 25. Qa5 Qxa5 26. Rxa5 Ra7 27. Rcc5 Kf8
28. b4 Rcc7 29. Ra3 Ke7 30. Rca5 Rcb7 31. Rxa6 Rxa6 32. Rxa6 Rxb4 33. Rxc6 Rb1+
34. Kf2 Rb2+ 35. Kg3 Rxa2 36. Rc1 Ra3 37. Re1 f6 38. Re2 h5 39. Kh4 g6 40. f4 f5
41. Kg5 Kf7 42. Kh6 Kf6 43. Kh7 Ra7+ 44. Kh6 Ra8 45. Kh7 Rf8 46. h3 h4 47. g3
hxg3 48. Rg2 Rf7+ 49. Kh6 Rg7 50. Rxg3 Rg8 51. Kh7 Rg7+ 52. Kh8 Rc7 53. h4 Rb7
54. Kg8 Ra7 55. Kh8 Rb7 56. Rg2 Ra7 57. Rb2 Ra1 58. Kg8 Ra3 59. Rb7 Ra8+ 60. Kh7
Rc8 61. Rg7 Rc3 62. Rxg6+ Ke7 63. Rg3 Kf7 64. h5 Rb3 65. Kh6 Kf6 66. Rg6+ Ke7
67. Rg7+ Kf6 68. Rg6+ Ke7 69. Rg3 Kf6 70. Rh3 Kf7 71. Kg5 Rb8 72. h6 Rg8+ 73.
Kh5 Kf6 74. h7 Rh8 75. Kh6 Kf7 76. Rg3 Kf8 77. Rg8+ Rxg8 78. hxg8=Q+ Kxg8 79.
Kg6 1-0

[Event "Challenge"]
[Site "http://www.queenalice.com/game.php?id=1076448"]
[Date "2012.6.26"]
[Round "-"]
[White "los6enanitos"]
[Black "passant"]
[Result "1-0"]
[WhiteElo "1687"]
[BlackElo "1886"]

1. e4 d5 2. e5 f6 3. d4 Nc6 4. Nf3 Bg4 5. Be3 fxe5 6. h3 Bh5 7. g4 Bg6 8. Nxe5
Nxe5 9. dxe5 e6 10. Bd3 Ne7 11. Bd4 Bxd3 12. Qxd3 Nc6 13. a3 Nxd4 14. Qxd4 Qg5
15. O-O c5 16. Qa4+ Kd8 17. f4 Qg6 18. Nd2 h5 19. g5 Be7 20. Qb3 b6 21. Rf3 Rf8
22. Qd3 Qxd3 23. cxd3 h4 24. Raf1 g6 25. Kg2 Kc7 26. R3f2 Rad8 27. a4 a6 28. b3
b5 29. a5 Rc8 30. Rc1 Kd7 31. Kh2 Bxg5 32. Rg2 Bxf4+ 33. Kh1 Bg3 34. Nf1 Rf3 35.
Nxg3 Rxg3 36. Rxg3 hxg3 37. Kg2 Rf8 38. Rxc5 Rc8 39. Rxc8 Kxc8 40. b4 d4 41.
Kxg3 Kd7 42. Kf4 Ke7 43. Kg5 Kf7 44. h4 Kg7 45. h5 gxh5 46. Kxh5 Kf7 47. Kg5 Ke7
48. Kf4 Kd7 49. Ke4 Kc7 50. Kxd4 Kd7 51. Kc5 1-0

[Event "Challenge"]
[Site "http://www.queenalice.com/game.php?id=1079007"]
[Date "2012.7.3"]
[Round "-"]
[White "los6enanitos"]
[Black "Scaracioli"]
[Result "0-1"]
[WhiteElo "1704"]
[BlackElo "1680"]

1. e4 e5 2. d4 exd4 3. Qxd4 Nc6 4. Qc4 Nf6 5. Nc3 Bb4 6. f3 d6 7. a3 Bxc3+ 8.
Qxc3 a6 9. Bg5 Qe7 10. Bxf6 gxf6 11. O-O-O Bd7 12. Bc4 Ne5 13. Bb3 Be6 14. h3
O-O-O 15. f4 Nc6 16. Bd5 Bxd5 17. exd5 Na7 18. Qd4 Nb5 19. Qf2 f5 20. a4 Qf6 21.
axb5 axb5 22. Qa7 Kd7 23. Qxb7 Rc8 24. Qxb5+ Ke7 25. Re1+ Kf8 26. Nf3 h6 27. Re2
Kg7 28. b3 Qa1+ 29. Kd2 Qxh1 30. Nd4 Qh2 31. Rf2 Qg3 32. Qe2 Rhe8 33. Qf3 Qxf3
34. Rxf3 Kf6 35. Rc3 Re4 36. Nb5 Re7 37. Nxd6 Rd8 38. Nb5 Rxd5+ 39. Rd3 Rxb5 40.
c4 Rb6 41. c5 Rc6 42. b4 Re4 43. b5 Rxc5 44. Rc3 Rd4+ 45. Kc2 Rxc3+ 46. Kxc3
Rxf4 47. g3 Rf3+ 48. Kc4 Rxg3 49. Kc5 f4 50. Kc6 Rc3+ 51. Kd7 f3 0-1

[Event "Brasil"]
[Site "http://www.queenalice.com/game.php?id=1082472"]
[Date "2012.7.13"]
[Round "-"]
[White "jw16js"]
[Black "los6enanitos"]
[Result "1/2-1/2"]
[WhiteElo "1552"]
[BlackElo "1719"]

1. c4 e5 2. e4 f5 3. Qh5+ g6 4. Qe2 f4 5. f3 Bc5 6. Nh3 d6 7. Nc3 Be6 8. g3 a6
9. a3 h6 10. g4 g5 11. Qg2 Nf6 12. Nf2 Nc6 13. Nd3 Bxc4 14. Nxc5 dxc5 15. Bxc4
b5 16. Bd5 Nxd5 17. exd5 Nd4 18. d3 Qd6 19. Ne4 Qb6 20. b3 Nxb3 21. Rb1 Nd4 22.
Rf1 O-O-O 23. Bd2 b4 24. axb4 cxb4 25. Rxb4 Qa7 26. Rc4 Rxd5 27. Nf6 Rc5 28.
Rxc5 Qxc5 29. Qf2 Qc6 30. Ne4 Qb6 31. Bc1 Qb3 32. Qd2 Qc2 33. Qxc2 Nxc2+ 34. Kd2
Nb4 35. Bb2 Nc6 36. Rc1 Nd4 37. Rf1 Kd7 38. Nc5+ Kc6 39. Nxa6 Ra8 40. Ra1 Nb3+
41. Kc3 Nxa1 42. Nb4+ Kb7 43. Kc4 Ra2 44. Bxe5 Nc2 45. Nxa2 Ne3+ 46. Kc5 c6 47.
Nc3 Nf1 48. h3 Nd2 49. Bg7 Nxf3 50. Bxh6 Ng1 51. Bxg5 f3 52. Be3 Nxh3 53. Ne4
Kc7 54. g5 Kd7 55. g6 Ke7 56. g7 Kf7 57. Bd4 Nf4 58. Ng5+ Kg8 59. Kxc6 Nxd3 60.
Kd6 f2 61. Bxf2 Nxf2 62. Ne6 Ne4+ 63. Ke5 Ng3 64. Kf6 Nh5+ 65. Kg6 Ng3 66. Kh6
Nf5+ 1/2-1/2

[Event "Challenge"]
[Site "http://www.queenalice.com/game.php?id=1083481"]
[Date "2012.7.17"]
[Round "-"]
[White "yasseryack"]
[Black "los6enanitos"]
[Result "1-0"]
[WhiteElo "1846"]
[BlackElo "1707"]

1. e4 e5 2. Nc3 Nf6 3. a3 d6 4. h3 Be6 5. Nf3 a6 6. d3 c6 7. Be3 h6 8. Be2 d5 9.
Na4 Nbd7 10. O-O d4 11. Bd2 a5 12. b3 b5 13. Nb2 a4 14. b4 Bd6 15. c4 bxc4 16.
dxc4 c5 17. Nxa4 Nxe4 18. Bd3 Bf5 19. Bxe4 Bxe4 20. Nh2 Nb6 21. Nxb6 Qxb6 22.
Qg4 Bg6 23. Qf3 O-O 24. Qd5 Rfd8 25. Ng4 Bc7 26. Qxc5 Qxc5 27. bxc5 Bf5 28. Nh2
Bd3 29. Rfc1 Ba5 30. Bxa5 Rxa5 31. c6 Rc8 32. a4 Rxc6 33. Nf3 f6 34. Nd2 e4 35.
Nb3 Raa6 36. c5 e3 37. Nxd4 exf2+ 38. Kxf2 Kf7 39. Nxc6 Rxc6 40. Ke3 Ba6 41. Kd4
Ke6 42. g4 g5 43. Rab1 f5 44. Re1+ Kf6 45. Kd5 Rc8 46. Rb6+ Kf7 47. Rxa6 f4 48.
Rxh6 Ra8 49. Re4 f3 50. Ree6 f2 51. Rhf6+ Kg7 52. Rxf2 Rxa4 53. Rf5 Ra7 54.
Rxg5+ 1-0

[Event "Challenge"]
[Site "http://www.queenalice.com/game.php?id=1083493"]
[Date "2012.7.17"]
[Round "-"]
[White "los6enanitos"]
[Black "yasseryack"]
[Result "0-1"]
[WhiteElo "1715"]
[BlackElo "1785"]

1. e4 c5 2. d3 Nc6 3. Be3 e6 4. Nf3 Be7 5. Nc3 d5 6. Be2 d4 7. Bxd4 cxd4 8. Na4
Qa5+ 9. Qd2 Qxa4 10. b3 Qa3 11. O-O Bb4 12. Qg5 g6 13. Qc1 Qxc1 14. Rfxc1 Bc3
15. Rab1 e5 16. a3 a5 17. h3 Nf6 18. Nh2 O-O 19. Ng4 Nxg4 20. Bxg4 f5 21. exf5
Bxf5 22. Bxf5 Rxf5 23. b4 axb4 24. axb4 Nxb4 25. Rd1 Ra2 26. g4 Rf7 27. Kg2 Rxc2
28. Rf1 Nxd3 29. Rb5 Nxf2 30. Kg3 Ne4+ 31. Kh4 Rxf1 32. Rxe5 Be1# 0-1

[Event "Challenge"]
[Site "http://www.queenalice.com/game.php?id=1084609"]
[Date "2012.7.19"]
[Round "-"]
[White "Caroline93"]
[Black "los6enanitos"]
[Result "1-0"]
[WhiteElo "1254"]
[BlackElo "1681"]

1. e4 e5 2. Nf3 Nc6 3. Nc3 a6 4. d4 exd4 5. Nxd4 Nxd4 6. Qxd4 c6 7. Be2 d6 8.
O-O Be6 9. e5 dxe5 10. Qxe5 Qd6 11. Bf4 Qxe5 12. Bxe5 Rd8 13. Rad1 Rxd1 14. Rxd1
Be7 15. Bxg7 Bf6 16. Bxh8 Bxh8 17. Ne4 Bxb2 18. Nd6+ Ke7 19. Nxb7 Bxa2 20. Nc5
a5 21. Na4 Bg7 22. Nc5 Nf6 23. Ra1 Ne4 24. Rxa2 Nxc5 25. Rxa5 Ne6 26. Ra7+ Kf6
27. Bh5 Nd4 28. Rxf7+ Kg5 29. Rxg7+ Kh6 30. Rg4 1-0

[Event "Challenge"]
[Site "http://www.queenalice.com/game.php?id=1085752"]
[Date "2012.7.22"]
[Round "-"]
[White "MsJARDEAN"]
[Black "los6enanitos"]
[Result "1-0"]
[WhiteElo "1688"]
[BlackElo "1697"]

1. e4 e5 2. Nf3 Nc6 3. Bc4 h6 4. Nc3 a6 5. d4 exd4 6. Nxd4 Nxd4 7. Qxd4 d6 8.
O-O f5 9. Qd5 Ne7 10. Qd4 Nc6 11. Qd3 fxe4 12. Nxe4 Ne5 13. Qc3 d5 14. Qxe5+ Qe7
15. Qxe7+ Bxe7 16. Bxd5 c6 17. Bb3 Bf5 18. Re1 O-O-O 19. f3 Bxe4 20. Rxe4 Bf6
21. c3 Rhe8 22. Bf4 g5 23. Be6+ Rxe6 24. Rxe6 Bg7 25. Bg3 Rd2 26. Rae1 Rxb2 27.
Re8+ Kd7 28. R1e7# 1-0

[Event "Revancha"]
[Site "http://www.queenalice.com/game.php?id=1086831"]
[Date "2012.7.25"]
[Round "-"]
[White "los6enanitos"]
[Black "Scaracioli"]
[Result "1-0"]
[WhiteElo "1712"]
[BlackElo "1650"]

1. e4 e5 2. Nf3 d6 3. Bc4 Bg4 4. h3 Bxf3 5. Qxf3 Nf6 6. g4 Qe7 7. g5 Ng8 8. d3
Nd7 9. Nc3 c6 10. a3 a6 11. Be3 b5 12. Ba2 h6 13. Qg3 Nc5 14. g6 fxg6 15. Qxg6+
Kd8 16. Bxg8 Rxg8 17. Bxh6 Rh8 18. Bg5 Rh6 19. Bxe7+ Kxe7 20. Qg5+ Rf6 21. h4
Ra7 22. b4 Ne6 23. Qg1 Kd8 24. f3 Raf7 25. Qb6+ Rc7 26. Rf1 Nd4 27. O-O-O Rf7
28. f4 Ne6 29. Qb8+ Rc8 30. Qb6+ Nc7 31. fxe5 Rxf1 32. Rxf1 Kd7 33. exd6 Bxd6
34. Rf7+ Ke6 35. Rxg7 Kf6 36. Qd4+ Be5 37. Qd7 1-0

[Event "Challenge"]
[Site "http://www.queenalice.com/game.php?id=1087971"]
[Date "2012.7.28"]
[Round "-"]
[White "plot24"]
[Black "los6enanitos"]
[Result "0-1"]
[WhiteElo "1736"]
[BlackElo "1702"]

1. d4 d5 2. c4 Nc6 3. e3 Bf5 4. Nf3 Bxb1 5. Rxb1 e6 6. cxd5 Qxd5 7. a3 a6 8. Bd2
O-O-O 9. Bd3 h6 10. O-O Nf6 11. b4 e5 12. e4 Nxe4 13. Bxe4 Qxe4 14. b5 Nxd4 15.
bxa6 bxa6 16. Qa4 Nxf3+ 0-1

[Event "Challenge"]
[Site "http://www.queenalice.com/game.php?id=1103973"]
[Date "2012.9.18"]
[Round "-"]
[White "MASTROIANNI"]
[Black "los6enanitos"]
[Result "1-0"]
[WhiteElo "1581"]
[BlackElo "1623"]

1. d4 d5 2. f4 Bf5 3. e3 Nf6 4. h3 h5 5. Be2 e6 6. Nf3 Bd6 7. c4 b6 8. Bd3 Ne4
9. Bxe4 Bxe4 10. O-O f6 11. b3 Nc6 12. a3 a5 13. Nc3 Bxf3 14. Qxf3 Be7 15. Bb2
Na7 16. cxd5 exd5 17. Nxd5 Qd7 18. Nxe7 Kxe7 19. a4 Nc6 20. Ba3+ Nb4 21. Bxb4+
axb4 22. Qe4+ Kf7 23. Rf3 Rae8 24. Qd3 Qd5 25. Rg3 g5 26. fxg5 fxg5 27. Rf1+ Ke7
28. e4 Qg8 29. Rf5 g4 30. Re5+ Kd6 31. Rd5+ Kc6 32. Qb5+ Kb7 33. Rc5 Rxe4 34.
Qc6+ Ka6 35. Qb5+ Kb7 36. Qc6+ Kc8 37. Qxc7# 1-0

[Event "AUTO-INT-2301"]
[Site "http://www.queenalice.com/game.php?id=1117766"]
[Date "2012.10.31"]
[Round "2"]
[White "los6enanitos"]
[Black "rumplestiltskin"]
[Result "0-1"]
[WhiteElo "1565"]
[BlackElo "1736"]

1. e4 c5 2. d4 e6 3. d5 d6 4. c4 g6 5. f4 Bg7 6. Qd3 Nd7 7. Nf3 Ne7 8. Nc3 O-O
9. Be3 a6 10. b3 Nb6 11. Be2 Bxc3+ 12. Qxc3 f6 13. O-O e5 14. f5 gxf5 15. Bh6
Rf7 16. Nxe5 dxe5 17. Qg3+ Ng6 18. exf5 Bxf5 19. Rxf5 Nc8 20. Bh5 Ne7 21. Rff1
Qd7 22. Bxg6 Nxg6 0-1

[Event "AUTO-INT-2301"]
[Site "http://www.queenalice.com/game.php?id=1117767"]
[Date "2012.10.31"]
[Round "2"]
[White "rumplestiltskin"]
[Black "los6enanitos"]
[Result "1-0"]
[WhiteElo "1702"]
[BlackElo "1576"]

1. e4 e5 2. f4 exf4 3. Nf3 f6 4. Bc4 Bc5 5. d4 Bb6 6. O-O Nc6 7. Bxf4 g5 8. Bg3
d6 9. Nfd2 Bxd4+ 10. Bf2 Bxf2+ 11. Rxf2 Qe7 12. Qh5+ Kd8 13. c3 Ne5 14. b3 Bg4
15. Qxg4 Nxg4 16. Re2 Ne5 17. Na3 Nxc4 18. Naxc4 b6 19. a4 f5 20. e5 dxe5 21.
Rxe5 Qf8 22. Rd5+ Kc8 23. Rf1 1-0

[Event "Challenge"]
[Site "http://www.queenalice.com/game.php?id=1123635"]
[Date "2012.11.18"]
[Round "-"]
[White "jdimas"]
[Black "los6enanitos"]
[Result "1-0"]
[WhiteElo "1886"]
[BlackElo "1629"]

1. d4 d5 2. e3 Bf5 3. h3 Nf6 4. g4 Bg6 5. f4 Be4 6. Nf3 h6 7. g5 Nh5 8. c4 Ng3
9. Rg1 Nxf1 10. Rxf1 Bxb1 11. Rxb1 dxc4 12. Qa4+ Nc6 13. Ne5 e6 14. Nxc6 bxc6
15. Qxc6+ Qd7 16. Qxa8+ Qd8 17. Qc6+ Qd7 18. Qxd7+ Kxd7 19. h4 c5 20. dxc5 Bxc5
21. Bd2 g6 22. Rc1 hxg5 23. Rxc4 Kd6 24. hxg5 Bb6 25. a4 Kd5 26. b3 Rb8 27. e4+
Kd6 28. a5 Bd8 29. e5+ Kd5 30. Rf3 Rb5 31. Rd3# 1-0

[Event "Challenge"]
[Site "http://www.queenalice.com/game.php?id=1123636"]
[Date "2012.11.18"]
[Round "-"]
[White "los6enanitos"]
[Black "jdimas"]
[Result "0-1"]
[WhiteElo "1637"]
[BlackElo "1837"]

1. e4 e5 2. Nf3 d6 3. Bc4 a6 4. a4 Bd7 5. b3 c6 6. Nc3 Be7 7. b4 g5 8. h3 g4 9.
hxg4 Bxg4 10. d3 Nf6 11. Be3 d5 12. exd5 cxd5 13. Bxd5 Nxd5 14. Nxd5 Qxd5 15.
O-O e4 16. dxe4 Qxe4 17. Bd4 Rg8 18. Ra3 Nc6 19. Re3 Qg6 20. Bc5 Be6 21. Bxe7
Qxg2# 0-1

[Event "Challenge"]
[Site "http://www.queenalice.com/game.php?id=1125413"]
[Date "2012.11.24"]
[Round "-"]
[White "skimonline"]
[Black "los6enanitos"]
[Result "1-0"]
[WhiteElo "1334"]
[BlackElo "1605"]

1. d4 d5 2. Be3 Nc6 3. Nc3 Nf6 4. f3 e6 5. Qd3 a6 6. g4 h6 7. O-O-O g5 8. h4 Bd6
9. hxg5 Ng8 10. a3 Bd7 11. gxh6 Qf6 12. h7 Nge7 13. g5 Qg7 14. Rh6 Nf5 15. Nh3
Nxe3 16. Qxe3 Rxh7 17. Rxh7 Qxh7 18. f4 O-O-O 19. b4 b5 20. Qd3 Rh8 21. e4 Qh4
22. exd5 exd5 23. Nxd5 Bxh3 24. Bxh3+ Qxh3 25. Qxh3+ Kb7 26. Qxh8 1-0